| 000 | 01463nam a22002777a 4500 | ||
|---|---|---|---|
| 005 | 20170124103151.0 | ||
| 010 | _a769596 | ||
| 020 | _c15.00 | ||
| 035 | _a769596 | ||
| 037 | _bCen Lib/Ret | ||
| 040 |
_aDPL _bHN |
||
| 082 |
_a821.08 _bतुलसी |
||
| 245 |
_aतुलसीदास : व्यक्ति और रचना संदर्भ / _cसम्पादक भगवतीप्रसाद सिंह ; अनुवादक शान्ता सिंह [और] भुवनेश्वरनाथ पाण्डेय |
||
| 246 |
_aTulsidas : vyakti aur rachna sandarbh / _bsampadak Bhagwatiprasad Singh ; anuvadak Shanta Singh [aur] Bhuvneshwar Pandey |
||
| 260 |
_aदिल्ली _bराजकमल प्रकाशन _c1975 |
||
| 270 |
_bदिल्ली _a8, नेताजी सुभाष मार्ग _e110006 |
||
| 300 |
_a148पृ. _c17सेमी(सजिल्द) |
||
| 650 |
_aहिन्दी -- साहित्य _987945 |
||
| 650 |
_aहिन्दी -- तुलसीदास -- रचना _91283 |
||
| 650 |
_aHindi literature _987946 |
||
| 650 |
_aHindi - Tulsidas - Composition _987947 |
||
| 700 |
_aभगवतीप्रसाद सिंह _93849 |
||
| 700 |
_aसिंह, शान्ता _987948 |
||
| 700 |
_aपाण्डेय, भुवनेश्वरनाथ _987949 |
||
| 942 |
_2ddc _cHN _h821.08 _mतुलसी |
||
| 999 |
_c119978 _d119978 |
||